000 nam a22 7a 4500
999 _c16725
_d16725
008 161116b xxu||||| |||| 00| 0 eng d
050 _aND 237 .R75R8 1957
100 _aRussel, Austin
245 _aCharles M. Russel Cowboy Artist/
_cAustin Russel
260 _aNew York:
_bTwayne Publishers,
_c1957
300 _a247p. :
_ccm
650 _aBiography.
942 _2lcc
_cBOOKS
_hND 237 .R75R8 1957